LEADER 01088nam0-22003011i-450- 001 990001872850403321 005 20021010 035 $a000187285 035 $aFED01000187285 035 $a(Aleph)000187285FED01 035 $a000187285 100 $a20021010d--------km-y0itay50------ba 101 0 $aita 200 1 $aEsperimenti di lotta contro la Fillossera della vite (Phylloxera vastatrix Plan.) mediante il Para-Italia(Paradiclorobenzolo)$fRemo Grandori. 210 $aParma$c...$d1929. 215 $a18 p.$d24 cm 300 $aEstr. da: Bollettino del Laboratorio di zoologia agraria e bachicoltura del r. Istituto Superiore Agrario di Milano, 1, 1929 610 0 $aFillossera della vite 676 $a595.752 700 1$aGrandori,$bRemo$069451 801 0$aIT$bUNINA$gRICA$2UNIMARC 901 $aBK 912 $a990001872850403321 952 $a60 MISC. B 156/24$b$fFAGBC 959 $aFAGBC 996 $aEsperimenti di lotta contro la Fillossera della vite (Phylloxera vastatrix Plan.) mediante il Para-Italia(Paradiclorobenzolo$9400936 997 $aUNINA DB $aING01 LEADER 01275cam a2200301 a 4500 001 991001872639707536 008 021112s2003 be a rb 001 0 fre 020 $a9042913096 035 $ab14084284-39ule_inst 040 $aDip.to Beni Culturali$bita 100 1 $aBadinou, Panayota$0477719 245 13$aLa laine et le parfum :$bépinetra et alabastres, forme, iconographie et fonction :$brecherche de céramique attique féminine /$cPanayota Badinou 246 3 $aEpinetra et alabastres 246 3 $aRecherche de céramique attique féminine 260 $aLouvain ;$aDudley, MA :$bPeeters,$c2003 300 $aXVI, 395 p. :$bill. ;$c28 cm. 440 0$aMonographs on antiquity ;$v2 502 $aOriginally presented as the author's doctoral thesis at the Université de Lausanne in 1998. 504 $aContiene bibliografia: pp. [126]-135 650 4$aCeramiche greche 650 4$aDonne in arte 650 4$aDonne$zGrecia$xCondizioni sociali 907 $a.b14084284$b02-04-14$c02-11-12 912 $a991001872639707536 945 $aLE001 AR III 322 4°$g1$i2001000177080$lle001$op$pE110.00$q-$rl$s- $t0$u0$v0$w0$x0$y.i15484671$z25-02-13 996 $aLaine et le parfum$9240816 997 $aUNISALENTO 998 $ale001$b02-11-12$cm$da $e-$ffre$gbe $h3$i0